Métodos y aplicaciones del muestreo
שמור ב:
| Main Authors: | , |
|---|---|
| פורמט: | ספר |
| שפה: | ספרדית |
| יצא לאור: |
Madrid
Alianza
1986
|
| סדרה: | Alianza Universidad Textos
|
| נושאים: | |
| תגים: |
הוספת תג
אין תגיות, היה/י הראשונ/ה לתייג את הרשומה!
|
MARC
| LEADER | 00000nam a2200000 a 4500 | ||
|---|---|---|---|
| 001 | UCW0906 | ||
| 003 | CL-VaPUC | ||
| 008 | 900327e19860000SP |||||||||||||||||spa|d | ||
| 082 | 0 | 4 | |a 001.422 |b AZO |2 21 |
| 100 | |a Azorín Poch, Francisco |e author |9 359691 | ||
| 700 | 0 | |a Sánchez-Crespo, José Luis |e author |9 304830 | |
| 245 | 1 | 0 | |a Métodos y aplicaciones del muestreo |
| 300 | |a 396 p | ||
| 942 | |c BK | ||
| 945 | |d 19900327 00:00:00 | ||
| 260 | |a Madrid |b Alianza |c 1986 | ||
| 650 | 0 | |a Muestreo (Estadística) |9 270232 | |
| 650 | 0 | |a Encuestas |9 259666 | |
| 650 | 7 | |a MUESTREO ALEATORIO |2 CL-VaPUC |9 270233 | |
| 650 | 7 | |a MUESTREO ESTRATIFICADO |2 CL-VaPUC |9 270234 | |
| 650 | 7 | |a MUESTREO SISTEMATICO |2 CL-VaPUC |9 270235 | |
| 650 | 7 | |a MUESTREO POR CONGLOMERADOS |2 CL-VaPUC |9 270236 | |
| 650 | 7 | |a DISEÑO DE ENCUESTAS |2 CL-VaPUC |9 270237 | |
| 650 | 7 | |a MUESTREO POLIFASICO |2 CL-VaPUC |9 270238 | |
| 650 | 7 | |a MUESTREO - HISTORIA |2 CL-VaPUC |9 270239 | |
| 583 | |a last modification |c 19900327 00:00:00 |k Rodrigo Vera | ||
| 490 | 0 | |a Alianza Universidad Textos | |
| 999 | |c 215929 |d 215927 | ||
| 952 | |0 0 |1 0 |4 0 |6 001_422000000000000_AZO_1986 |7 0 |8 A |9 201192 |a BIBMAT |b BIBMAT |d 2019-11-14 |i 2683717 |o 001.422 AZO 1986 |p 2683717 |r 2025-01-07 |w 2019-11-14 |y BK |k MAT | ||